| 000 | 03599nam0a2200673 4500 | ||
|---|---|---|---|
| 001 | RU\NLR\bibl\1785420 | ||
| 005 | 20260408081016.0 | ||
| 010 |
_a978-5-9704-2018-8 _93000 |
||
| 021 |
_aRU _b2011-42404 _93009 |
||
| 035 | _a(nilc)LIBNET\0000139339 | ||
| 035 | _a2VIL\RUSMED\0000187875 | ||
| 035 | _a(NLR Aleph) 001776146 | ||
| 090 |
_a1668436 _c1668436 |
||
| 100 | _a20110602d2011 |||y0rusy50 ca | ||
| 101 | 0 | _arus | |
| 102 | _aRU | ||
| 105 | _aa z ||||| | ||
| 200 | 1 |
_aЛучевая диагностика и терапия в урологии _e[национальное руководство] _fАссоц. мед. о-в по качеству, [Нац. проект "Здоровье"] _gгл. ред.: проф. А. И. Громов, д. м. н. В. М. Буйлов |
|
| 210 |
_aМосква _cГЭОТАР-Медиа _cАсоциация медицинских обществ по качеству _d2011 |
||
| 215 |
_a542 с. _cил. _d22 |
||
| 225 | 1 |
_aНациональные руководства по лучевой диагностике и терапии _fгл. ред.: акад. РАМН С. К. Терновой |
|
| 225 | 1 | _aНациональные руководства | |
| 225 | 1 |
_aПриоритетные национальные проекты _iЗдоровье |
|
| 320 | _aБиблиогр.: с. 537-539 | ||
| 320 | _aПредм. указ.: с. 540-542 | ||
| 606 | 1 |
_aУРОЛОГИЧЕСКИЕ БОЛЕЗНИ _xдиагностика _jруководства _2rus_mesh _3R14787-5.1 |
|
| 606 | 1 |
_aUROLOGIC DISEASES _xdiagnosis _2rus_mesh _3E14787-5.1 |
|
| 606 | 1 |
_aУРОЛОГИЧЕСКИЕ БОЛЕЗНИ _xрадиотерапия _jруководства _2rus_mesh _3R14787-22.1 |
|
| 606 | 1 |
_aUROLOGIC DISEASES _xradiotherapy _2rus_mesh _3E14787-22.1 |
|
| 606 | 1 |
_aДИАГНОСТИЧЕСКОЕ ИЗОБРАЖЕНИЕ _xметоды _jруководства _2rus_mesh _3R4056-6.1 |
|
| 606 | 1 |
_aDIAGNOSTIC IMAGING _xmethods _2rus_mesh _3E4056-6.1 |
|
| 606 | 1 |
_aМочеполовые органы _jРуководства, пособия и т.п. _xБолезни _xЛучевая диагностика _91673635 _3RU\NLR\auth\66742469 |
|
| 606 | 1 |
_aЛучевая терапия _jРуководства, пособия и т.п. _xПрименение в онкоурологии _92254480 _3RU\NLR\auth\661352104 |
|
| 686 |
_a76.29.43 _2rugasnti |
||
| 686 |
_a76.29.62 _2rugasnti |
||
| 686 |
_a76.01.33 _2rugasnti |
||
| 686 |
_aC12.777 - диагностика _v2011 _2MESH |
||
| 686 |
_aC13.351.968 - диагностика _v2011 _2MESH |
||
| 686 |
_aC12.777 - diagnosis _v2011 _2MESH |
||
| 686 |
_aC13.351.968 - diagnosis _v2011 _2MESH |
||
| 686 |
_aC12.777 - радиотерапия _v2011 _2MESH |
||
| 686 |
_aC13.351.968 - радиотерапия _v2011 _2MESH |
||
| 686 |
_aC12.777 - radiotherapy _v2011 _2MESH |
||
| 686 |
_aC13.351.968 - radiotherapy _v2011 _2MESH |
||
| 686 |
_aE01.370.350 - методы _v2011 _2MESH |
||
| 686 |
_aE01.370.350 - methods _v2011 _2MESH |
||
| 686 | _aР69-436я7 | ||
| 686 | _aР569.69-436я7 | ||
| 686 | _aР569.69-56я7 | ||
| 702 | 1 |
_aГромов _bА. И. _gАлександр Игоревич _4340 |
|
| 712 | 0 | 2 |
_4570 _aАссоциация медицинских обществ по качеству _cРоссийская Федерация _3RU\NLR\AUTH\8810109849 _9719732 |
| 801 | 0 |
_aRU _bЦНМБ _c20110602 _gPSBO |
|
| 801 | 1 |
_aRU _bЦНМБ _c20110602 |
|
| 801 | 2 |
_aRU _bЦНМБ _c20110616 |
|
| 801 | 2 |
_aRU _bNLR _c20110705 _grcr |
|
| 942 | _cBOOK | ||
| 980 | _aNB | ||
| 980 | _aNBR | ||